000 00577nam a2200229Ia 4500
003 OSt
005 20220928141703.0
006 a|||||r|||| 00| 0
007 ta
008 220927b |||||||| |||| 00| 0 eng d
024 _a16794
037 _cTextual
040 _aSDCL
_cSDCL
_beng
041 _2eng
_aeng
082 _aB331, L7
100 _aJordan D W
_9438322
245 0 _aNonlinear ordinary differential equations.
260 _c1977
700 _a Smith P
_9438323
942 _hB331, L7
_cTEXL
_2CC
999 _c819126
_d819126